000 00749nam a2200229Ii 4500
003 JO-AjNU
008 230605s9999||||xx |||||||||||||| ||und||
017 _a2008/6/1992
020 _a9957-16-434-8
040 _aJO-AjNU
_bara
_erda
_cJO-AjNU
041 _aara
050 1 4 _aK564.C6.R32.2009
100 3 _a ربضي ، عيسى غسان ,
_eauthor
_912572
245 0 0 _aالقواعد الخاصة بالتوقيع الإلكتروني
250 _aط1
264 3 1 _aعمان : دار الثقافة ، 2009
300 _a302ص
336 _atext
_btxt
_2rdacontent
337 _aunmediated
_bn
_2rdamedia
338 _avolume
_bnc
_2rdacarrier
650 4 _aالقانون المدني -- أصول المحاكم -- الحواسيب
_912573
999 _aA2903
_c6471
_d6471